| 000 | 01430nam a2200217 a 4500 | ||
|---|---|---|---|
| 008 | 120416s2000 ||||||||||||||||| || u | ||
| 020 | _a0435453076 | ||
| 050 | _aHC 79.I55 Wat | ||
| 100 | _aWatteville, de Alastair | ||
| 245 | 1 | 0 | _aAdvanced information and communication technology |
| 260 |
_aOxford _bHeinemann _c2000 |
||
| 350 | _a0.00 | ||
| 650 | _aINFORMATION | ||
| 650 | _aINFORMATION COMMUNICATIONS TECHNOLOGY (ICTs) | ||
| 995 |
_aMAIN LIBRARY OPEN ACCESS _D0.00 _e733302 _FCBU-MAIN LIBRARY (Kitwe) _H1 _I0.00 _jHC 79.I55 Wat _M6 _UAVAILABLE _WApr 10, 2006 _y045146 _ZMain Library Open Access Collection |
||
| 995 |
_aMAIN LIBRARY OPEN ACCESS _D0.00 _e736105 _FCBU-MAIN LIBRARY (Kitwe) _H1 _I0.00 _jHC 79.I55 Wat _M1 _UAVAILABLE _y038808 _ZMain Library Open Access Collection |
||
| 995 |
_aMAIN LIBRARY OPEN ACCESS _D0.00 _e733357 _FCBU-MAIN LIBRARY (Kitwe) _H3 _I0.00 _jHC 79.I55 Wat _M3 _UAVAILABLE _y045145 _ZMain Library Open Access Collection |
||
| 995 |
_aMAIN LIBRARY OPEN ACCESS _D0.00 _e736068 _FCBU-MAIN LIBRARY (Kitwe) _H1 _I0.00 _jHC 79.I55 Wat _M5 _UAVAILABLE _WApr 10, 2006 _y38737 _ZMain Library Open Access Collection |
||
| 995 |
_aANNEX COLLECTION (Main Library) _D0.00 _e733330 _FCBU-MAIN LIBRARY (Kitwe) _H2 _I0.00 _jHC 79.I55 Wat _M2 _UAVAILABLE _y045138 _ZAnnex Low-Usage Collection |
||
| 995 |
_aMAIN LIBRARY OPEN ACCESS _D0.00 _e733401 _FCBU-MAIN LIBRARY (Kitwe) _H4 _I0.00 _jHC 79.I55 Wat _M4 _UAVAILABLE _y45249 _ZMain Library Open Access Collection |
||
| 999 |
_c83707 _d83707 |
||